Ekspluataciaja i rekonstrukciaja mostov i trub na avtomobiľnych dorogach

Salvato in:
Dettagli Bibliografici
Autore principale: Kirillov, V.S (Autore)
Natura: Libro
Lingua:russo
Pubblicazione: Moskva : Transport, 1971
Tags: Aggiungi Tag
Nessun Tag, puoi essere il primo ad aggiungerne!!

MARC

LEADER 00000nam a22000003a 4500
001 stu199179
005 20150617230035.8
008 100129s1971----xxr-----------------rus-d
040 |a STU  |b slo 
041 0 |a rus 
044 |a xxr 
080 |a 624.2/.8 
100 1 |a Kirillov, V.S.  |4 aut 
245 1 |a Ekspluataciaja i rekonstrukciaja mostov i trub na avtomobiľnych dorogach 
260 |a Moskva :  |b Transport,  |c 1971 
300 |a 193 s 
996 |c V*10267/O-2337  |l VV9  |s P  |a 0  |w stu199179_0001